000 00470cam a2200169 4500
001 D3546
008 090401t1982 xxu||||| |||| 00| 0 eng d
035 _a(Sirsi) u73716
041 _aeng
050 _a333.33
245 _aEstates Times review October 1982. Special feature: the office market. Historic towns: Gloucester
260 _aLondon
_bMorgan Grampian (Construction Press)
_c1982
300 _a98p. 28cm
350 _a2
942 _n0
948 _c04/03/1997
999 _c95685
_d95685